000 00924cab a2200277 4500
001 ABS58428
008 090401t1998 xxu||||| |||| 00| 0 eng d
035 _a(Sirsi) u85267
041 _aeng
100 _aPearce, F.
245 _aUndermining our lives?
260 _c1998
350 _a0
490 _aNew Scientist
_v157(2125) 14 March 1998, 20-21(2)
520 _aReports on the biggest ever study into radon gas, which suggests that below a certain level the risk of contracting lung cancer from radon is zero. The study which was undertaken by Bernard Cohen in the US, has been rejected by researchers and health officials on both sides of the Atlantic.
650 _aHEALTH HAZARDS
650 _aHOUSES
650 _aLUNG CANCER
650 _aRADON GAS
650 _aRADON
650 _aRESEARCH
650 _aUNITED STATES
690 _aECONOMIC AND SOCIAL
942 _n0
948 _c27/03/1998
999 _c53606
_d53606